| 000 | 01072nam a22003255i 4500 | ||
|---|---|---|---|
| 001 | 18207916 | ||
| 003 | EG-ScBUE | ||
| 005 | 20230516105739.0 | ||
| 008 | 140630r20202015nyua f 001 0 eng d | ||
| 020 | _a9780500544372 (hardcover) | ||
| 040 |
_aDLC _beng _erda _cDLC _dEG-ScBUE |
||
| 082 | 0 | 4 |
_222 _a778.8 _bEXP |
| 245 | 0 | 0 |
_aExperimental photography : _ba handbook of techniques / _cMarco Antonini, [and four others] |
| 250 | _aReprint edition. | ||
| 264 | 1 |
_aNew York, NY : _bThames & Hudson, _c2020. |
|
| 300 |
_a240 pages : _bcolor illustrations ; _c24 cm |
||
| 336 |
_atext _2rdacontent _btxt |
||
| 337 |
_aunmediated _2rdamedia _bn |
||
| 338 |
_avolume _2rdacarrier _bnc |
||
| 500 | _aIncludes index. | ||
| 650 | 7 |
_2BUEsh _aPhotography _xEquipment and supplies. |
|
| 650 | 7 |
_2BUEsh _aPhotography _xProcessing. |
|
| 650 | 7 |
_2BUEsh _aPhotography _xTechnique. |
|
| 653 |
_bART _cMay2023 |
||
| 655 | _vReading book | ||
| 700 | 1 |
_aAntonini, Marco, _eauthor. |
|
| 906 |
_a0 _bibc _corignew _d2 _eepcn _f20 _gy-gencatlg |
||
| 942 |
_2ddc _cBB |
||
| 999 |
_c30407 _d30378 |
||